书目信息 |
| 书名: | Analytical Techniques in the Theory of Guided Waves | |
| 作者: | R.Mittra and S.W.Lee. | |
| 分册号: | ||
| 分册名: | 出版地: | New York : |
|
| 出版社: | THE MACMILLAN COMPANY | |
| 出版时间: | c1971. | |
| 页数: | 302 p. ; | |
| 开本: | 20cm. | |
| 丛书名: | ||
| 中图分类号: | ||
| 科图分类号: | ||
| 其他分类号: | TN814 | |
| 主题词: | ||
| 电子资源: | ||
| 000 | 00391nam 2200133 a 4500 | |
| 001 | E0734533378 | |
| 005 | 20070508093803.70 | |
| 008 | 070508s1971 00010 eng | |
| 040 | @aPFT@beng | |
| 090 | @aTN814 | |
| 099 | @dTN814@ex1 | |
| 245 | 1 | @aAnalytical Techniques in the Theory of Guided Waves / @cR.Mittra and S.W.Lee. |
| 260 | @aNew York :@bTHE MACMILLAN COMPANY,@cc1971. | |
| 300 | @a302 p. ;@c20cm. | |
| Analytical Techniques in the Theory of Guided Waves / / R.Mittra and S.W.Lee.-New York : : THE MACMILLAN COMPANY, , c1971. |
| 302 p. ; ; 20cm. |
| ISBN |
| ● |
| 相关链接 |
|
|
|
|
正题名:Analytical Techniques in the Theory of Guided Waves
索取号:TN814/x1
 
预约/预借
| 序号 | 登录号 | 条形码 | 馆藏地/架位号 | 状态 | 备注 |
| 1 | 183316 | 000635021 | 第二样本阅览室/ [索取号:TN814/x1] | 在馆 |